000 01321nam a2200217Ia 4500
008 180910s9999 xx 000 0 und d
110 _aESCWA
245 1 0 _aImpact of ICT on Arab youth Employment, Education and Social Change
260 _aNew York
_bESCWA
_c2013
300 _a pages
500 _aالنوع : Report
520 3 _aThis report analyzes the impact of ICT on Arab Youth by considering the economic, educational and social change dimensions. Chapter I discusses the current status of employment and education among youth in the region. In chapter II initiatives and policies implemented to address youth unemployment in the region are examined. Chapter III focus specifically on the role that ICT could play in curbing regional youth unemployment. Issues that impact the social development of the youth are discussed in chapter IV, with special focus on the impact of ICT in women’s empowerment, domestic violence, HIV/AIDS, and for the hearing impaired. Chapter V provides concluding recommendations
650 4 _aEducation et la technologie
650 4 _aEmployabilité
650 4 _aEmployability
650 4 _aICT and Education
650 4 _aالاستخدام
650 4 _aالتعليم والتكنولوجيا
856 _uhttps://www.unescwa.org/ar/node/14799
942 _cLAESDATA
999 _c19947
_d19947